000 00500nam a22001817a 4500
005 20260327151256.0
008 260327b |||||||| |||| 00| 0 eng d
020 _a978-93-85999-71-0
050 _aRC 46.A23 2017
100 _aABM ABDULLAH
245 _aPRACTICAL MANUAL IN CLINICAL MEDICINE
260 _aNEW DELHI
_bTHE HEALTH SCIENCES PUBLISHERS
_c2017
300 _aX,893
500 _aINCLUDES AN INDEX
650 _aClinical medicine
700 _aKAMRUL HASSAN KHAN
942 _2lcc
_cBK
999 _c216888
_d216888